000 01170nam a2200337 a 4500
001 vtls001438692
003 NLI
005 20210627122020.0
008 121130n ii 000 0 eng
020 _cRa.20.00 (pbk.)
039 9 _y201211301643
_zVLOAD
040 _aNLI
_beng
_cDatasoft_GENG
_eAACR2
041 0 _aeng
044 _aii
082 0 4 _a368.56
100 1 _aMuthuswamy, P.
_9990536
245 1 0 _aSwamy's compilation on group insurance schemes for Central Government Employees and Union Territory Government Employees :
_bcorrected up to 1st May, 1990 /
_cby P. Muthuswamy and V. Brinda
260 _aMadras :
_bSwamy Pub.,
_c[n.d.]
300 _aiv, 128 p. ;
_c21 cm.
610 2 0 _aIndia
_tEmployees' State Insurance Act, 1948
_91003557
650 0 _aSocial security
_xLaw and legislation
_zIndia
_9795216
650 0 _aDisability insurance
_xLaw and legislation
_zIndia
_9996663
650 0 _aInsurance law
_vCases
_9998694
700 1 _aBrinda, V
_9990537
887 _a
901 _aDB60520
_b01.11.1991
902 _aE 368.56 M 983
904 _l602
949 _AVIRTUAITEM
_D10000
_X100
_6DBA000060520ENG
942 _2ddc
_cBKS
999 _aVIRTUA40
_c891747
_d891747